Quiz WWE 2 - Statistiques

Statistiques générales
  • Ce quiz a été pris 983 fois
  • Le résultat moyen est 7 sur 10
Statistiques - réponses
Question Réponse % Correct
Qui a brisé la streak de l'Undertaker
97%
Qui a remporté le plus de fois le titre 24/7 ?
93%
Qui est la fille de Rey Mysterio ?
88%
Contre qui Seth Rollins a-t-il combattu lors de Wrestlemania 39 ?
86%
Laquelle de ces catcheuses fait partie du Damage CTRL ?
80%
Qui était le leader du clan Retribution ?
67%
Qui a remporté le championnat nord-américain de NXT lors de Stand & Deliver 2023 ?
58%
Qui n'a jamais été championne de Raw ?
55%
Qui a aidé pour Indi Hartwell a décrocher le titre de championne de NXT lors de Stand & Deliver 2023 ?
48%
Qui est sur la jacket de WWE 2k23 ?
28%
Aucun quiz correspondant
Distribution des résultats
% des personnes avec chaque résultat
Percentile par nombre de réponses
Votre historique - résultats
Vous n’avez pas pris ce quiz